| 000 | 00623nam a2200157Ia 4500 | ||
|---|---|---|---|
| 008 | 250506s9999 xx 000 0 und d | ||
| 024 | _a19B-005-CS, 19B-035-CS, 19B-036-CS, 19B-042-CS, & 18B-116-CS | ||
| 082 | _a006.7072 ALI | ||
| 100 | _aAyesha Ali, Afifah Amjad, Ayan Ahmar, Abdul Rehman, & Anas Ahmed | ||
| 110 | _aDr. Lubaid Ahmed | ||
| 245 | 0 | _aFile Data Segmentation and Cryptography | |
| 260 |
_aKarachi: _bUIT, _c2019 |
||
| 600 | _aComputer Science | ||
| 650 | _aBachelor of Computer Science (BS) | ||
| 856 |
_uhttps://drive.google.com/file/d/1ZgR2aYoKE1tVInxu5Y379H2p8rT6IaYz/view?usp=sharing _yClick here for PDF |
||
| 999 |
_c29233 _d29233 |
||